| 000 | 00965nam a2200313 i 4500 | ||
|---|---|---|---|
| 003 | EG-GICUC | ||
| 005 | 20260427123756.0 | ||
| 008 | 260427b1920 enko|||f |||| 001 0 eng d | ||
| 040 |
_aEG-GiCUC _cEG-GiCUC _dEG-GiCUC _eRda _beng |
||
| 041 | _aeng | ||
| 082 | 0 | 4 |
_221 _a343.661 _bCO . M |
| 092 | 0 | 4 | _221 |
| 099 | _aLaw1 10 343.661 CO . M 1920 1011330 C1 | ||
| 100 | 1 |
_aCoombes, J. W. _eAuteur |
|
| 245 | 1 | 4 |
_aThe Making Of Men / _cBy J. W. Coombes. |
| 264 | 3 |
_aLondon : _bSeeley, Service & Co. Limited, _c1920. |
|
| 300 |
_a353 page : _billustration ; _c24 cm. |
||
| 336 |
_2rda contenu _a texte |
||
| 337 |
_2rda medias _aOrdinateur |
||
| 338 |
_2 transporteur rda _a Ressource en ligne |
||
| 500 | _aIncludes Glossary. | ||
| 500 | _aIndex Pages : 350-353. | ||
| 650 | 1 | 4 | _aCriminal law |
| 650 | 1 | 4 | _aJuvenile criminals |
| 651 | 1 | _2qrmak | |
| 856 | 4 | 0 | _uhttps://fll.law.cu.edu.eg/fulltext/bks/B10-11330.pdf |
| 905 | _a164 | ||
| 942 |
_2ddc _cBK _e21 _n0 |
||
| 999 |
_c73685 _d73685 |
||